000 00641nam a2200181Ia 4500
005 20250423100017.0
008 250422s9999 xx 000 0 und d
020 _a9780367704131
050 _aTA 407 .A53/
100 _aAndrianov I. V, Awrejcewicz, J and Danishevskyy Vladyslav
245 0 _aLinear and nonlinear waves in microstructured solids : homogenization and asymptotic approaches
260 _aBoca Raton, FL
260 _bCRC Press
260 _c2024
300 _axvii, 232p. :ill. ; 24cm.
650 _aMicrostructure. Wave-motion, Theory of. Asymptotic expansions. Homogenization (Differential equations)
942 _cBK
999 _c32014
_d32014